| 000 | 01712na a2200421 4500 | ||
|---|---|---|---|
| 001 | 22964 | ||
| 003 | MIRAKIL | ||
| 005 | 20181213154929.0 | ||
| 008 | 170304b tu 000 0 | ||
| 035 | _a13419 | ||
| 040 |
_aMilas _btur _cTR-AnCHP |
||
| 041 | _atur | ||
| 082 |
_aCHP 324.9561 _bT34i 2007 |
||
| 090 | _aCHP 324.9561 T34i 2007 | ||
| 091 | _aARŞİV-SEÇMEN ARAŞTIRMALARI | ||
| 100 | _aTelci, Alim | ||
| 245 |
_a2007 genel seçim senaryoları _cAlim Telci |
||
| 260 |
_aAnkara _bAkYatırım _c[2007] |
||
| 300 |
_a13 s. _btbl. _c30 sm. |
||
| 500 | _aYerel numaradaki sayılar araştırmanın yapıldığı ayları temsil eder : Ocak -1 ; Şubat - 2 ; Mart - 3 ; Nisan - 4 ; Mayıs - 5; Haziran - 6 ; Temmuz - 7; Ağustos - 8; Eylül - 9; Ekim - 10; Kasım - 11 ; Aralık - 12. | ||
| 610 |
_aCHP _xKamuoyu araştırmaları _ySiyasal eğilim _zTürkiye |
||
| 650 |
_aSiyasal eğilim _xRaporlar _yAnaliz _zTürkiye |
||
| 650 |
_aKamuoyu araştırmaları _xSiyasal eğilim _zTürkiye |
||
| 650 |
_aKamuoyu araştırmaları _xGenel seçimler, 2007 _yRaporlar _zTürkiye |
||
| 650 |
_aKamuoyu araştırmaları _xSiyasal eğilim _yRaporlar _zTürkiye |
||
| 651 |
_aTürkiye _xSiyaset ve yönetim _yRaporlar |
||
| 657 | _aCHP siyasi durum araştırması | ||
| 657 | _aCHP siyasal eğilim araştırması | ||
| 657 | _aCHP kamuoyu araştırması | ||
| 657 | _aCHP seçmen araştrması | ||
| 740 | _a2007 siyasal durum araştırması | ||
| 740 | _a2007 siyasal eğilim araştırmaları | ||
| 740 | _a2007 kamuoyu araştırmaları | ||
| 740 | _a2007 seçmen araştırmaları | ||
| 830 | _aCHP kamuoyu araştırmaları | ||
| 942 |
_2ddc _cBKS |
||
| 999 |
_c3360 _d3360 |
||